000
00265nam a22001097a 4500
999
_c
15003
_d
15003
082
_a
631.4
_b
MAN
100
_a
USDA
_9
2298
245
_a
A manual on conservation of soil and water
260
_a
Culcutta
_b
Oxford Book & Stationery
_c
1964
300
_a
208
942
_c
BK